• 首页
  • 本馆介绍
  • 公告通知
  • 最新文献
  • 馆藏检索
  • 电子资源
  • 读者导购
  • 参考咨询
  • 我的图书馆
  • 登录
  • 详细信息显示
  • 放入我的书架
  • 预约/预借图书
  • 作者相关作品
  • 分类相关作品
  • 丛书相关作品
  • 出版社相关作品

书目信息

  • 表格格式
  • 工作单格式
  • 卡片格式
题名:
现代信息素养与文献检索
    
 
作者: 李卫星 , 何飞 编著
分册:  
出版信息: 武汉   湖北人民出版社  2010.12
页数: 329页
开本: 24cm
丛书名:
单 册:
中图分类: G201 , G252.7
科图分类:
主题词: 信息学 , 情报检索
电子资源:
ISBN: 978-7-216-06724-9
000 00871nam0 2200265 45
001 515
005 20120531162148.71
010    @a978-7-216-06724-9@dCNY38.00
100    @a20120328d2010 em y0chiy50 ea
101 0  @achi
102    @aCN@b420000
105    @aa z 000yy
106    @ar
200 1  @a现代信息素养与文献检索@AXian Dai Xin Xi Su Yang Yu Wen Xian Jian Suo@f李卫星,何飞编著@FLi Wei Xing, He Fei Bian Zhu
210    @a武汉@c湖北人民出版社@d2010.12
215    @a329页@c图@d24cm
330    @a本书主要内容包括:信息与信息素养;大学生信息素养;文献信息检索概述;参考工具书的利用;计算机信息检索;国内外主要数据库检索等。
606 0  @a信息学
606 0  @a情报检索
690    @aG201@v4
690    @aG252.7@v4
701  0 @a李卫星@ALi Wei Xing@4编著
701  0 @a何飞@AHe Fei@4编著
801  0 @aCN@bTSTCL@c20120328
905    @b0812015-19@dG201@e490@f5
    
    现代信息素养与文献检索/李卫星,何飞编著.-武汉:湖北人民出版社,2010.12
    329页:图;24cm
    
    
    ISBN 978-7-216-06724-9:CNY38.00
    本书主要内容包括:信息与信息素养;大学生信息素养;文献信息检索概述;参考工具书的利用;计算机信息检索;国内外主要数据库检索等。
●
相关链接 在E读中查询图书 在五车中查询图书 在当当中查询图书 在豆瓣中查询图书


正题名:现代信息素养与文献检索     索取号:G201/490         预约/预借

序号 登录号 条形码 馆藏地/架位号 状态 备注
1 0812015   208120157   第一样本阅览室/ [索取号:G201/490] 在馆    
2 0812016   208120166   第四借阅区/ [索取号:G201/490] 在馆    
3 0812017   208120175   第四借阅区/ [索取号:G201/490] 在馆    
4 0812018   208120184   第四借阅区/ [索取号:G201/490] 在馆    
5 0812019   208120193   第四借阅区/ [索取号:G201/490] 在馆    
唐山师范学院图书馆 欢迎您!
大连网信软件有限公司© 版权所有